Online
Catalog

¿Por qué se ha reducido el territorio venezolano? / (Record no. 5445)

MARC details
000 -CABECERA
campo de control de longitud fija 00915cam a2200229 a 4500
001 - NÚMERO DE CONTROL
campo de control 000005646
005 - FECHA Y HORA DE LA ÚLTIMA TRANSACCIÓN
campo de control 20200929151730.0
008 - DATOS DE LONGITUD FIJA--INFORMACIÓN GENERAL
campo de control de longitud fija 791204s1978 ve b b f001 0 spa
040 ## - FUENTE DE LA CATALOGACIÓN
Centro catalogador/agencia de origen DO-SdBNP
Centro/agencia transcriptor DLC
Centro/agencia modificador DLC
082 ## - NÚMERO DE LA CLASIFICACIÓN DECIMAL DEWEY
Número de clasificación 987.062
Número de documento/Ítem H565p
100 1# - ENTRADA PRINCIPAL--NOMBRE DE PERSONA
Nombre de persona Herrera, Earle,
Fechas asociadas al nombre 1949-
9 (RLIN) 15970
245 11 - MENCIÓN DE TÍTULO
Título ¿Por qué se ha reducido el territorio venezolano? /
Mención de responsabilidad, etc. Earle Herrera.
260 ## - PUBLICACIÓN, DISTRIBUCIÓN, ETC.
Lugar de publicación, distribución, etc. Caracas :
Nombre del editor, distribuidor, etc. Universidad Central de Venezuela, Facultad de Humanidades y Educación, Escuela de Comunicación Social,
Fecha de publicación, distribución, etc. 1978.
300 ## - DESCRIPCIÓN FÍSICA
Extensión 169 p. :
Otras características físicas maps. ;
Dimensiones 22 cm.
504 ## - NOTA DE BIBLIOGRAFÍA, ETC.
Nota de bibliografía, etc. Incluye referencias bibliográficas. p:(167 - 169)
651 #4 - PUNTO DE ACCESO ADICIONAL DE MATERIA--NOMBRE GEOGRÁFICO
Nombre geográfico Venezuela
Subdivisión general Política Y Gobierno
Subdivisión cronológica 1848-1899
9 (RLIN) 15971
651 #4 - PUNTO DE ACCESO ADICIONAL DE MATERIA--NOMBRE GEOGRÁFICO
Nombre geográfico Venezuela
Subdivisión general Historia
Subdivisión cronológica 1848-1899
9 (RLIN) 15972
651 #4 - PUNTO DE ACCESO ADICIONAL DE MATERIA--NOMBRE GEOGRÁFICO
Nombre geográfico Venezuela
Subdivisión general Límites
9 (RLIN) 15973
651 #4 - PUNTO DE ACCESO ADICIONAL DE MATERIA--NOMBRE GEOGRÁFICO
Nombre geográfico Venezuela
Subdivisión general Límites
Subdivisión geográfica Colombia
9 (RLIN) 15974
651 #4 - PUNTO DE ACCESO ADICIONAL DE MATERIA--NOMBRE GEOGRÁFICO
Nombre geográfico Venezuela
Subdivisión general Límites
Subdivisión geográfica Guyana
9 (RLIN) 15975
910 ## - DATOS DE OPCIÓN DEL USUARIO (OCLC)
Datos de opción del usuario Catalogación por copia / LC
Holdings
Estado de retiro Estado de pérdida Restricciones de uso No para préstamo Código de colección Localización permanente Ubicación/localización actual Ubicación en estantería Fecha de adquisición Número de inventario Total de préstamos Signatura topográfica completa Código de barras Fecha visto por última vez Precio válido a partir de Tipo de ítem Koha
    Préstamo interno   Monografías: Libros y Folletos General General En catalogación 20.08.2009 LF1   987.062 H565p 5646-10 25.06.2020 25.06.2020 Préstamo interno

Powered by Koha